| 000 | 00768nam a22002057a 4500 | ||
|---|---|---|---|
| 999 |
_c13869 _d13869 |
||
| 003 | AR-CdUCM | ||
| 008 | 190416b ||||| |||| 00| 0 spa d | ||
| 040 |
_aMUNICIPALIDAD PROVINCIAL DEL CUSCO _cBIBLIOTECA MUNICIPAL DEL CUSCO |
||
| 082 |
_aC / 248.63 / _bP19 |
||
| 100 |
_aPalomino, Juan Francisco _932464 |
||
| 245 | _aManual del sacerdote o sea biblioteca selecta de predicadores | ||
| 260 |
_aCuzco : _bCuzco imperial, _c1935. |
||
| 300 |
_aTomo 2 ; _c19 cm. |
||
| 505 | _aContenido : Censura y aprobación eclesiástica -- Edicatoria -- A los señores reverendos párrocos -- Ruraccñiimpa simin rimariinin ... | ||
| 650 |
_aPárrocos _932465 |
||
| 650 |
_aPredicadores _932466 |
||
| 650 |
_aQuechua _92063 |
||
| 942 |
_2ddc _cLIBROS |
||
| 945 |
_arah _d16/04/2019 |
||